Shardik /

Bibliographic Details
Main Author: Adams, Richard, 1920-
Format: Book
Language:English
Published: New York : Simon and Schuster, [1974]

MARC

Tag First Indicator Second Indicator Subfields
LEADER 00000cam a2200000 i 4500
001 in00000038746
005 20170331150604.0
008 741210s1974 nyub 00011 eng
010 |a  74032031  
019 |a 1459207 
020 |a 0671220152 
035 |a (OCoLC)01130141 
035 |9 AAF6114AM 
040 |a DLC  |c DLC  |d TXA  |d UtOrBLW 
049 |a TXAM [Also in] [Sp Coll]  |c 1 [1234230], 2 [1136150]  |a TXAS  |c 2 [1099838] 
050 0 0 |a PZ4.A2163  |b Sh3  |a PR6051.D345 
082 0 |a 813/.5/4 
090 |a PR6051.D345  |b S53 
100 1 |a Adams, Richard,  |d 1920- 
245 1 0 |a Shardik /  |c Richard Adams. 
264 1 |a New York :  |b Simon and Schuster,  |c [1974] 
264 4 |c ©1974 
300 |a 604 pages :  |b map (on lining paper) ;  |c 22 cm. 
336 |a text  |b txt  |2 rdacontent 
337 |a unmediated  |b n  |2 rdamedia 
338 |a volume  |b nc  |2 rdacarrier 
999 |a MARS 
999 f f |s adc14402-62a3-3c87-8fb8-88ddb02cf515  |i 907f4542-f5e9-3473-add6-3571d3a7c68f  |t 0 
952 f f |p ric  |a Texas A&M University  |b Rellis Campus  |c Joint Library Facility  |s JLF  |d Remote Storage  |t 0  |e PR6051.D345 S53  |h Library of Congress classification  |i unmediated -- volume  |m A14804299705 
952 f f |p noncirc  |a Texas A&M University  |b College Station  |c Cushing Memorial Library & Archives  |s cush scif  |d Cushing: Science Fiction (Does not check out)  |t 0  |e PZ4.A2163 Sh3  |h Library of Congress classification  |i unmediated -- volume  |m A14800433234 
998 f f |a PZ4.A2163 Sh3  |t 0  |l Cushing: Science Fiction (Does not check out) 
998 f f |a PR6051.D345 S53  |t 0  |l Remote Storage